[Event "Linares 26th"]
[Site "Linares"]
[Date "2009.02.21"]
[Round "3"]
[White "Ivanchuk, Vassily"]
[Black "Grischuk, Alexander"]
[Result "1/2-1/2"]
[WhiteElo "2779"]
[BlackElo "2733"]
[Annotator "Krasenkow,M"]
[PlyCount "129"]
[EventDate "2009.02.19"]
[EventType "tourn"]
[EventRounds "14"]
[EventCountry "ESP"]
[EventCategory "21"]
[SourceTitle "CBM 129"]
[Source "ChessBase"]
[SourceDate "2009.03.25"]
[SourceVersion "1"]
[SourceVersionDate "2009.03.25"]
[SourceQuality "1"]

1. d4 Nf6 2. c4 e6 3. Nc3 Bb4 4. Nf3 c5 5. g3 cxd4 6. Nxd4 O-O 7. Bg2 d5 8.
cxd5 Nxd5 9. Qb3 Qa5 10. Bd2 Nc6 11. Nxc6 bxc6 12. O-O Bxc3 13. bxc3 Ba6 14.
Rfd1 Qc5 15. e4 Bc4 16. Qa4 Nb6 17. Qb4 Qh5 18. Re1 c5 {This popular line
became even more famous after the World Championship match game Kramnik -
Anand (see CBM 127, with annotations by GM M.Marin).} 19. Qa5 Be2 $146 (19...
Rfc8 20. Be3 $5 (20. Bf4 e5 21. g4 $5 Qxg4 22. Bxe5 Be2 23. Bg3 Bf3 24. h3 Qh5
25. Qb5 Bxg2 26. Kxg2 Qg6 27. Rad1 Rc6 28. a4 h5 29. h4 Qe6 30. a5 a6 31. Qe2
Nc4 32. Rd5 Nxa5 33. Qxh5 Nc4 $13 {1/2 Harikrishna,P (2659)-Hracek,Z (2613)/
Dresden 2008/CBM 128 (73)}) 20... Be2 21. Bf4 $5 e5 22. Be3 Bg4 $6 23. Qa6 $1
$16 f6 24. a4 Qf7 25. Bf1 Be6 26. Rab1 $1 $16 {1-0 Kramnik,V (2772)-Anand,V 
(2783)/Bonn 2008/CBM 127/[Marin,M] (29)}) 20. Bf4 (20. Be3 Rfc8 {- see above
Kramnik - Anand.}) 20... e5 21. Bxe5 $5 (21. Be3 $5 Rfc8 (21... Nc4 22. Qa6
Nxe3 23. Rxe2 Nxg2 24. Kxg2 $14) 22. h3 $14) 21... Nc4 22. Qa6 Qxe5 23. Rxe2
Qxc3 24. Ree1 $14 {The bishop is stronger than the knight as the position is
quite open.} Nd2 (24... Nb2 25. Bf1 $1 $36) 25. Rac1 Qb4 26. e5 Rad8 27. Qxa7
c4 {[%csl Gc4] Black's passed pawn guarantees him counterplay in return for
the material deficit.} 28. Re3 (28. a4 Nb3 29. Rb1 c3 {[%csl Gc3]}) 28... Rfe8
29. e6 $6 {White unnecessarily gives his material advantage back.} (29. Qb7 Qa5
$140 30. Qb2 $14) (29. Rce1 $5 $14 {A Sayapin}) 29... fxe6 30. Rec3 e5 31. Bc6
Re7 32. Qe3 e4 33. Kg2 (33. a4 $5 {[%cal Yc6b5]} Rf7 $1 34. Bxe4 Qxa4 $11)
33... h6 $2 $138 (33... Re6 34. R1c2 Rxc6 35. Rxd2 Rxd2 36. Qxd2 Rd6 $11 {
A Sayapin}) 34. Rd1 $2 $138 (34. R1c2 $1 Rd3 35. Rxd3 exd3 36. Qxd2 Qc5 37.
Qxd3 Qxc6+ 38. Qf3 $16) 34... Rd6 $6 (34... Qb2 $142 35. Rxc4 Rd3 36. Rxd2 Qxd2
37. Qc5 Qg5 38. Qxg5 hxg5 39. Bxe4 Rd2 $11) 35. Rxd2 Rxc6 $14 {White keeps a
pull as Black's c4- and e4-pawns are now extremely weak.} 36. Rd8+ Kh7 37. Rd4
Kh8 38. a3 Qb5 39. Qe2 e3 $6 {Returning the favour for 29.e6.} (39... Qb7 $5 {
and White can't comfortably win a pawn:} 40. Kg1 (40. Rdxc4 Rxc4 41. Rxc4 e3+
42. f3 Qb3 $11) 40... Qb1+ 41. Rd1 Qb5 42. Rdc1 Qa6 {etc.}) 40. Rxe3 $6 (40.
fxe3 $142 $1 {, creating a passed pawn, with some winning chances.}) 40... Rxe3
41. Qxe3 (41. Rd8+ Kh7 42. Qxe3 Qf5 $132) 41... Rc8 42. Qc3 Qb7+ 43. Kg1 Qb3 $1
{Correct. In the rook ending all Black needs for a draw is to swap the
queenside pawns.} 44. Qxb3 cxb3 45. Rb4 Rc1+ 46. Kg2 Rb1 47. g4 g5 48. Rb7 b2
49. f3 Ra1 50. Rxb2 Rxa3 51. Rb5 Kg7 52. h4 gxh4 53. Rh5 Ra2+ 54. Kh3 Ra3 55.
Rf5 Kg6 56. Kxh4 h5 $1 {The simplest.} 57. Rg5+ Kf7 58. Kxh5 Rxf3 59. Kh6 Rh3+
60. Rh5 Rg3 61. g5 Kg8 62. Rh1 Ra3 63. Rb1 Ra6+ 64. g6 Ra8 65. Rb7 1/2-1/2

[Event "Linares 26th"]
[Site "Linares"]
[Date "2009.03.06"]
[Round "13"]
[White "Grischuk, Alexander"]
[Black "Anand, Viswanathan"]
[Result "1/2-1/2"]
[WhiteElo "2733"]
[BlackElo "2791"]
[Annotator "Giri,A"]
[PlyCount "66"]
[EventDate "2009.02.19"]
[EventType "tourn"]
[EventRounds "14"]
[EventCountry "ESP"]
[EventCategory "21"]
[SourceTitle "CBM 129"]
[Source "ChessBase"]
[SourceDate "2009.03.25"]
[SourceVersion "1"]
[SourceVersionDate "2009.03.25"]
[SourceQuality "1"]

1. e4 c5 2. Nf3 d6 3. d4 cxd4 4. Nxd4 Nf6 5. Nc3 a6 {The Najdorf - a very
sharp opening. Some lines have already been analysed all the way to a draw.} 6.
Bg5 e6 7. f4 Qb6 8. Qd2 Qxb2 {The Poisoned Pawn - one of those variations
which have already been calculated until the end.} 9. Rb1 Qa3 10. f5 Nc6 11.
fxe6 fxe6 12. Nxc6 bxc6 13. e5 dxe5 14. Bxf6 gxf6 15. Ne4 Qxa2 16. Rd1 Be7 17.
Be2 O-O 18. O-O Ra7 19. Rf3 {Until here everything is very well-known.} Rd7 {
One of the main moves, together with ...Kh8. Normally they transpose. But...}
20. Bd3 $5 $146 {An interesting novelty which, I think, really deserves
attention... I am wondering, what did Grischuk prepare if Anand had first
played 19...Kh8!?} f5 21. Qh6 Kh8 (21... Rf7 {might be a possible improvement.}
22. Rg3+ Kh8 23. Ng5 Rg7 24. Nxe6 Rf7 {and Black probably holds everywhere,
though the position is really complicated, even for engines.} 25. Kf1 (25. Kh1
Qc4 $1 {and Black holds.}) 25... Bh4 $1 {and Black is fine.}) 22. Ng5 Bc5+ 23.
Kh1 {It looks like Black has some problems. He should probably look for
improvements earlier. (21...Rf7 for example.)} Qa5 (23... Qd5 {was another
possibility, but Black's position looks really risky.} 24. Rh3 Rg7 25. Be2 Be7
$1 26. Rh5 Qc5 27. Nxh7 Kg8 28. Nxf8 Kxf8 29. Rh3 {with a big advantage for
White.}) 24. Rh3 Qc7 25. Nxe6 Qd6 26. Nxf8 Qxf8 27. Rf1 Rf7 28. Qh5 Qe7 {
So far the players played very well. Now Grischuk committed an inaccuracy.} 29.
Rhf3 (29. Bxf5 $1 {White shouldn't be afraid of any ghosts.} e4 30. Rb3 Bd6 (
30... Ba7 31. Rbb1 Qf8 32. g4 {and White is winning.}) 31. Rbb1 {with a big
advantage.}) 29... f4 30. Be4 Rg7 31. Rb3 Ba7 32. Rd3 $2 {I don't understand
what happened, maybe it was time trouble, but it is an obvious blunder.} (32.
Qh6 {with advantage.}) 32... Bg4 33. Qh6 Be2 (33... Be2 34. Rc1 Bxd3 35. cxd3
Rg8 {with equality.}) 1/2-1/2

[Event "RUS-chT 16th"]
[Site "Dagomys"]
[Date "2009.04.06"]
[Round "3"]
[White "Grischuk, Alexander"]
[Black "Svidler, Peter"]
[Result "0-1"]
[WhiteElo "2748"]
[BlackElo "2726"]
[PlyCount "106"]
[EventDate "2009.04.04"]
[EventType "team-tourn"]
[EventRounds "7"]
[EventCountry "RUS"]
[SourceTitle "EXT 2020"]
[Source "ChessBase"]
[SourceDate "2019.10.17"]
[SourceVersion "1"]
[SourceVersionDate "2019.10.17"]
[SourceQuality "1"]
[WhiteTeam "Sverdlovsk Ural region"]
[BlackTeam "Sankt Petersburg Chess Federation"]
[WhiteTeamCountry "RUS"]
[BlackTeamCountry "RUS"]

1. Nf3 Nf6 2. c4 g6 3. Nc3 d5 4. cxd5 Nxd5 5. g3 Bg7 6. Bg2 O-O 7. O-O c5 8.
Qa4 Nb6 9. Qh4 e6 10. Qxd8 Rxd8 11. d3 Nd5 12. Bg5 f6 13. Bd2 Nc6 14. a3 Bf8
15. Rfb1 a5 16. Na4 Rb8 17. Rc1 b6 18. Nc3 Nde7 19. Ne4 Bg7 20. Rab1 f5 21. Nc3
h6 22. Nb5 Bd7 23. Nc3 e5 24. Be1 Be6 25. Nd2 Nd4 26. b3 Nd5 27. Bxd5 Bxd5 28.
Kf1 Be6 29. f3 h5 30. Nc4 e4 31. dxe4 Nxb3 32. Rxb3 Bxc4 33. Rbb1 b5 34. exf5
gxf5 35. Nd1 a4 36. Ba5 Re8 37. Rc2 Bd4 38. Bc3 Bb3 39. Rcb2 Bxc3 40. Nxc3 Re3
41. Rc1 b4 42. Nb1 Rb5 43. Kf2 Re5 44. h3 Kf7 45. g4 hxg4 46. hxg4 fxg4 47.
fxg4 Rb6 48. Rh1 Rf6+ 49. Ke1 Rd5 50. Rd2 Rfd6 51. axb4 a3 52. Rxd5 a2 53. Rf1+
Rf6 0-1

[Event "RUS-chT 16th"]
[Site "Dagomys"]
[Date "2009.04.09"]
[Round "6"]
[White "Grischuk, Alexander"]
[Black "Ionov, Sergey"]
[Result "1/2-1/2"]
[WhiteElo "2748"]
[BlackElo "2538"]
[PlyCount "31"]
[EventDate "2009.04.04"]
[EventType "team-tourn"]
[EventRounds "7"]
[EventCountry "RUS"]
[SourceTitle "EXT 2020"]
[Source "ChessBase"]
[SourceDate "2019.10.17"]
[SourceVersion "1"]
[SourceVersionDate "2019.10.17"]
[SourceQuality "1"]
[WhiteTeam "Sverdlovsk Ural region"]
[BlackTeam "St Petersburg Mikhail Chigorin"]
[WhiteTeamCountry "RUS"]
[BlackTeamCountry "RUS"]

1. e4 e5 2. Nf3 Nc6 3. Bb5 a6 4. Ba4 Nf6 5. O-O Be7 6. Re1 d6 7. c3 Bg4 8. d4
b5 9. Bb3 Bxf3 10. gxf3 Na5 11. f4 Nxb3 12. axb3 O-O 13. Qe2 Qd7 14. Kh1 Qh3
15. Rg1 exf4 16. Bxf4 1/2-1/2

[Event "RUS-chT 16th"]
[Site "Dagomys"]
[Date "2009.04.10"]
[Round "7"]
[White "Ivanchuk, Vassily"]
[Black "Grischuk, Alexander"]
[Result "1/2-1/2"]
[WhiteElo "2746"]
[BlackElo "2748"]
[PlyCount "33"]
[EventDate "2009.04.04"]
[EventType "team-tourn"]
[EventRounds "7"]
[EventCountry "RUS"]
[SourceTitle "EXT 2020"]
[Source "ChessBase"]
[SourceDate "2019.10.17"]
[SourceVersion "1"]
[SourceVersionDate "2019.10.17"]
[SourceQuality "1"]
[WhiteTeam "Saransk TPS"]
[BlackTeam "Sverdlovsk Ural region"]
[WhiteTeamCountry "RUS"]
[BlackTeamCountry "RUS"]

1. d4 d5 2. c4 c6 3. Nf3 Nf6 4. Nc3 dxc4 5. a4 e6 6. e3 c5 7. Bxc4 cxd4 8. exd4
Nc6 9. O-O Be7 10. Re1 O-O 11. Bf4 Bd7 12. Bb3 Nb4 13. Ne5 Rc8 14. d5 exd5 15.
Nxd5 Nbxd5 16. Bxd5 Bg4 17. Bf3 1/2-1/2

[Event "Nalchik FIDE GP"]
[Site "Nalchik"]
[Date "2009.04.15"]
[Round "1"]
[White "Grischuk, Alexander"]
[Black "Gelfand, Boris"]
[Result "1-0"]
[WhiteElo "2748"]
[BlackElo "2733"]
[Annotator "Krasenkow,M"]
[PlyCount "99"]
[EventDate "2009.04.15"]
[EventType "tourn"]
[EventRounds "13"]
[EventCountry "RUS"]
[EventCategory "19"]
[SourceTitle "CBM 130"]
[Source "ChessBase"]
[SourceDate "2009.05.20"]
[SourceVersion "1"]
[SourceVersionDate "2009.05.20"]
[SourceQuality "1"]

1. d4 Nf6 2. c4 e6 3. Nf3 d5 4. Nc3 Be7 5. Bg5 h6 6. Bh4 O-O 7. e3 b6 8. Be2
Bb7 9. Bxf6 Bxf6 10. cxd5 exd5 11. b4 c5 12. bxc5 bxc5 13. Rb1 Bc6 14. O-O Nd7
15. Bb5 Qc7 {This system is famous for its popularity in Karpov-Kasparov World
Championship matches. Of course, it has been examined in many CBM issues.} 16.
Qd3 Rfc8 (16... Rfd8 {is another option.}) 17. Rfd1 {Or else:} (17. Rfc1 Rab8
18. h3 $5 (18. a4 Qd6 19. h3 cxd4 20. Nxd4 Nc5 21. Qd1 Ba8 22. Be2 Bxd4 23.
exd4 Ne4 24. Rxb8 Rxb8 25. Bf3 {1/2-1/2 Kiselev,S-Kruppa,Y/Frunze 1988/TD})
18... c4 $5 (18... g6 $2 19. Bxc6 Rxb1 20. Qxb1 $1 Qxc6 21. dxc5 Qxc5 22. Ne2
Qf8 23. h4 $2 (23. Nf4 $1 Nb6 24. h4 $1 $36 {Kasparov}) 23... Ne5 $1 24. Nxe5
Bxe5 25. Rd1 Qc5 26. h5 Qc2 $1 $11 {1/2-1/2 Kasparov,G-Karpov,A/Seville 1987/
MainBase/[Bulletin]}) (18... Qd6 $6 19. Bxc6 Rxb1 20. Qxb1 Qxc6 21. dxc5 Qxc5
22. Ne2 Qf8 23. Rxc8 Qxc8 24. Qb5 Nb6 25. Nfd4 Qc4 26. Qe8+ Kh7 27. Qxf7 Qxa2
28. Nf4 Qa1+ 29. Kh2 Bxd4 30. exd4 {1-0 Petersen,H-Signes,S/LSS 2006/Telechess
117}) 19. Qc2 Bxb5 (19... Ba8 20. Qf5 Nb6 21. e4 $1 $36 {Khalifman}) 20. Nxb5
Qa5 21. Nc3 Rxb1 (21... g6 $5 22. Rxb8 Rxb8 23. e4 dxe4 24. Nxe4 Rc8 $11 {
Khalifman}) 22. Rxb1 Rb8 23. Rxb8+ Nxb8 24. e4 $1 dxe4 25. Nxe4 Qd5 26. Nxf6+
gxf6 27. Nd2 $1 Qxd4 28. Nxc4 $14 {1-0 Khalifman,A-Chandler,M/Germany 1995/CBM
045/[Khalifman] (64)}) (17. h3 cxd4 18. Nxd4 Bb7 19. Rfc1 Nc5 20. Qd1 Qe7 21.
Qg4 g6 22. Bf1 Bg7 23. Qd1 Rab8 24. Rc2 Ba8 25. Rbc1 Rd8 26. g3 Bxd4 27. exd4
Ne6 28. h4 Qf6 29. Ne2 Rb4 $11 {0-1 Topalov,V-Kasparov,G/Sofia 1998/CBM 065/
[Donev] (47)}) (17. Qf5 g6 18. Qh3 Bg7 19. Rfc1 Rab8 20. a4 Bxb5 21. Nxb5 Qb7
22. Nc3 Qc6 23. Nb5 Qb7 24. Rd1 cxd4 25. Nfxd4 Nf6 26. Nc3 Qc7 27. Ncb5 Qb7 28.
Qg3 Ne4 29. Qg4 h5 30. Qf4 Qd7 $11 {1/2-1/2 Alvebring,M-Kovacs,A/IECG 2001/
Complete 2001 (37)}) 17... Rab8 (17... Bxb5 $5 18. Rxb5 Qc6 19. Qf5 cxd4 20.
Nxd5 dxe3 21. fxe3 Qe6 22. Qf4 Be5 23. Qh4 Re8 24. Nxe5 Qxe5 25. Qf4 {1/2-1/2
Eingorn,V-Lputian,S/Sochi 1985/MCD}) 18. a4 cxd4 19. exd4 $146 (19. Nxd4 Nc5
20. Qf5 Bxd4 21. exd4 (21. Rxd4 Ne6) 21... g6 $1 22. Qf3 $1 Ne4 23. Nxe4 dxe4
24. Qe3 Qd7 $11 25. d5 Bxb5 26. axb5 Rxb5 27. Rxb5 Qxb5 $11 {1/2-1/2 Timman,
J-Kasparov,G/Prague 1998/CBM 067/[Donev] (40)}) 19... Ba8 $6 {[%csl Ra8] There
as no reason to avoid the bishop exchange.} (19... Bxb5 $142 $11 {Gelfand} 20.
Nxb5 $140 Qa5 $1 21. Qf5 Qxa4 22. Qxd7 a6 23. Ne5 Bxe5 24. dxe5 Rd8 25. Qc6
Rxb5 26. e6 $1 $11) 20. Qf5 Qxc3 (20... Rd8 $5 21. Rbc1 $14) 21. Qxd7 Qc7 22.
Qf5 {[%cal Rb5d3]} Rb6 23. Ne5 {[%mdl 32] Suddenly it turns out that White's
minor pieces are stronger than Black's bishop pair.} g6 24. Qf4 Bg5 {It is
very difficult to give good advice to Black. Perhaps,} (24... Bb7 $5 {[%cal
Yb7a6]}) 25. Qg4 a6 $6 {This pawn will be Black's second and decisive weakness.
} (25... Bf6 $142) 26. h4 $1 Bf6 (26... axb5 $6 27. hxg5 hxg5 (27... h5 28. Qf4
$1) 28. Rxb5 $16) 27. Bd3 Rxb1 28. Rxb1 h5 29. Qf4 Bxe5 30. dxe5 Re8 $6 (30...
a5 $142 31. Qg5 {[%cal Re5e6]} Re8 32. Rc1 Qb6 33. Bb5 Rf8 34. Be2 $16 {
[%cal Re2h5]}) 31. Rc1 Qd7 (31... Qb7 32. e6 $1 Rxe6 33. Rc7 Rf6 34. Rxb7 Rxf4
35. Rb8+ $18) (31... Qb6 32. a5 $1 Qe6 (32... Qxa5 33. e6 $1 $18) 33. Rc7 Re7
34. Rxe7 Qxe7 35. e6 $1 fxe6 36. Bxg6 $18) 32. Bxa6 $18 d4 33. Bc4 Qf5 34. Qxf5
gxf5 35. Rd1 Rxe5 36. Rxd4 Bc6 37. Bb3 Re1+ 38. Kh2 Rb1 39. Bd5 Bxd5 40. Rxd5
Rb4 41. g3 f4 42. a5 fxg3+ 43. fxg3 Ra4 44. Rxh5 Kg7 45. Rf5 Kg6 46. g4 f6 47.
h5+ Kg7 48. g5 fxg5 49. Rxg5+ Kf6 50. Rb5 1-0

[Event "Nalchik FIDE GP"]
[Site "Nalchik"]
[Date "2009.04.18"]
[Round "4"]
[White "Aronian, Levon"]
[Black "Grischuk, Alexander"]
[Result "1/2-1/2"]
[WhiteElo "2754"]
[BlackElo "2748"]
[PlyCount "70"]
[EventDate "2009.04.15"]
[EventType "tourn"]
[EventRounds "13"]
[EventCountry "RUS"]
[EventCategory "19"]
[SourceTitle "CBM 130"]
[Source "ChessBase"]
[SourceDate "2009.05.20"]
[SourceVersion "1"]
[SourceVersionDate "2009.05.20"]
[SourceQuality "1"]

1. c4 Nf6 2. Nc3 c5 3. Nf3 e6 4. g3 b6 5. Bg2 Bb7 6. O-O Be7 7. Re1 d5 8. cxd5
Nxd5 9. Nxd5 Qxd5 10. d4 cxd4 11. Qxd4 O-O 12. Bg5 Bxg5 13. Qxd5 Bxd5 14. Nxg5
Bxg2 15. Kxg2 Na6 16. Rac1 Rfd8 17. Rc4 Rd2 18. Rec1 g6 19. R1c2 Rxc2 20. Rxc2
Rd8 21. Rc4 Rd7 22. a3 Kg7 23. Nf3 Rc7 24. Rd4 Nc5 25. g4 h6 26. h4 Nd7 27. g5
hxg5 28. hxg5 Kf8 29. Nd2 Ke7 30. Rc4 Rxc4 31. Nxc4 e5 32. Kf3 Ke6 33. e4 Nc5
34. Ke3 Nb3 35. Nd2 Nxd2 1/2-1/2

[Event "Nalchik FIDE GP"]
[Site "Nalchik"]
[Date "2009.04.22"]
[Round "7"]
[White "Grischuk, Alexander"]
[Black "Akopian, Vladimir Eduardovic"]
[Result "1/2-1/2"]
[WhiteElo "2748"]
[BlackElo "2696"]
[Annotator "Rogozenco,D"]
[PlyCount "85"]
[EventDate "2009.04.15"]
[EventType "tourn"]
[EventRounds "13"]
[EventCountry "RUS"]
[EventCategory "19"]
[SourceTitle "CBM 130"]
[Source "ChessBase"]
[SourceDate "2009.05.20"]
[SourceVersion "1"]
[SourceVersionDate "2009.05.20"]
[SourceQuality "1"]

1. d4 d5 2. c4 c6 3. Nf3 Nf6 4. Nc3 dxc4 5. a4 Bf5 6. Ne5 Nbd7 7. Nxc4 Qc7 8.
g3 e5 9. dxe5 Nxe5 10. Bf4 Nfd7 11. Bg2 g5 12. Bxe5 Nxe5 13. Qd4 f6 14. Ne3 Bg6
15. O-O-O Qb6 16. Ne4 Be7 (16... Qxd4 17. Rxd4 Be7 18. Rhd1 $14) 17. Nd6+ (17.
f4 gxf4 18. gxf4 Qxd4 19. Rxd4 Nd7 $11 {1/2-1/2 Alekseev,E (2689)-Bu Xiangzhi 
(2685)/Nizhnij Novgorod 2007 (66)}) 17... Bxd6 18. Qxd6 Kf7 19. h4 gxh4 {
First 19...Rhd8 and only after 20.Qa3 the capture on h4 looks to be slightly
more precise. This was the move order from the game Sakaev-Bu, see below.} 20.
gxh4 (20. Rxh4 $5 Rad8 21. Qb4 {(this is the difference why 19...Rhd8 might be
more precise - there White cannot play Qb4)} Rxd1+ 22. Kxd1 Rd8+ 23. Ke1 $5 $14
(23. Kc1 Qa6 24. Nc4 $13)) 20... Rhd8 21. Qa3 h5 22. Bh3 $1 $146 {Grischuk
shows that placing the queen on c3 is not White's priority - the queen is
active also on a3. Soon Black will play Qb4 anyway.} (22. Qc3 a5 23. Bh3 Ke7
24. b3 Qb4 25. Qxb4+ axb4 26. f4 Nd7 27. Rhg1 Nf8 28. Nf5+ Bxf5 29. Bxf5 Rxd1+
30. Rxd1 Ne6 31. Rd3 Nc5 32. Rg3 Rd8 33. Kc2 Kf7 34. Bg6+ Ke7 35. Bf5 Kf7 36.
Bg6+ Ke7 37. Bf5 {1/2-1/2 Sakaev,K (2649)-Bu Xiangzhi (2708)/Dagomys 2008})
22... a5 23. Rhg1 $14 Qb4 $5 {A risky decision to enter the endgame where
Black will be forced to give up a pawn. But Akopian rightly felt that Black's
chances to draw it will be higher than White's chances to win.} ({Another
option was to play with the queens on:} 23... Rxd1+ 24. Rxd1 Rd8 25. Rxd8 Qxd8
26. Qb3+ Kf8 27. Qxb7 Qd4 {White is better here too, although there is nothing
forced for him.}) (23... Rd4 $2 24. Rxd4 Qxd4 25. Bf5 $18) 24. Qxb4 axb4 25. f4
Ng4 26. Rxd8 Rxd8 27. Nxg4 hxg4 28. Bxg4 Be4 {[%csl Ge4]} (28... Rd5 $5) 29. e3
(29. Bh5+ Kf8 (29... Ke6 30. Rg7 $36) 30. Rd1 Rxd1+ 31. Kxd1 b6 $1 32. Kd2 c5 {
such endgames are rather drawish}) (29. f5 {with the idea Rf1-f4 doesn't work
in view of} Rh8 $1 30. h5 Rg8 31. h6 Rg5 $1 {and Black is better}) 29... Rd5
30. Bd1 Rc5+ 31. Kd2 Rd5+ 32. Ke1 Kf8 {It turns out that due to Black's
powerful bishop on e4 White has difficulties in making progress.} 33. Bb3 ({
The other attempt isn't sufficient either:} 33. h5 Rd7 34. Bb3 Rg7 35. Rxg7
Kxg7 36. a5 {It makes sense to prevent Black from playing b6 and c5.} Kh6 37.
Bf7 Kg7 (37... Bf3 $2 38. Bg6 Bxh5 39. Bf5 $1 Bf3 40. e4 $18 {[%cal Gf5c8]} c5
41. Kf2 Bh1 42. Ke3 $18) 38. Be8 Kh6 39. Kd2 Kg7 (39... Bf5 $2 40. Bg6 $18) 40.
Bg6 f5 $1 $11 (40... Bxg6 $2 41. hxg6 Kxg6 42. e4 $18)) 33... Rh5 34. Rg8+ Ke7
35. Rg7+ Kd6 36. Rxb7 c5 $1 {In spite of being two pawns down Black is in time
to organise sufficient counterplay.} 37. Rb6+ Kc7 38. Re6 ({After} 38. Rxf6
Rxh4 {White cannot save the pawn on b2:} 39. Re6 Rh1+ 40. Kf2 Rh2+ 41. Kg3 Rg2+
42. Kh4 Rxb2 43. Rxe4 Rxb3 44. f5 Rb1 {and Black has nothing to fear.}) 38...
f5 39. Re5 Kd6 $1 {The most precise!} 40. Re6+ (40. Bc4 Rxh4 41. b3 Rh1+ 42.
Kf2 Rh2+ 43. Kg3 Rc2 $132 {[%cal Gc2c3,Gc3c4]}) 40... Kd7 41. Re5 Kd6 42. Re6+
Kd7 43. Re5 1/2-1/2

[Event "Nalchik FIDE GP"]
[Site "Nalchik"]
[Date "2009.04.23"]
[Round "8"]
[White "Karjakin, Sergey"]
[Black "Grischuk, Alexander"]
[Result "1/2-1/2"]
[WhiteElo "2721"]
[BlackElo "2748"]
[PlyCount "149"]
[EventDate "2009.04.15"]
[EventType "tourn"]
[EventRounds "13"]
[EventCountry "RUS"]
[EventCategory "19"]
[SourceTitle "CBM 130"]
[Source "ChessBase"]
[SourceDate "2009.05.20"]
[SourceVersion "1"]
[SourceVersionDate "2009.05.20"]
[SourceQuality "1"]

1. e4 c5 2. Nf3 d6 3. d4 cxd4 4. Nxd4 Nf6 5. Nc3 a6 6. Be3 Ng4 7. Bg5 h6 8. Bh4
g5 9. Bg3 Bg7 10. h3 Ne5 11. Nf5 Bxf5 12. exf5 Qa5 13. Qd5 Qb6 14. O-O-O Nbd7
15. h4 g4 16. Qd4 Rc8 17. Qxb6 Nxb6 18. Ne4 Ned7 19. Bf4 d5 20. Ng3 h5 21. b3
Be5 22. Bxe5 Nxe5 23. Be2 Ned7 24. Rhe1 Nf6 25. Kb2 Rc7 26. Rd4 Nbd7 27. c4
dxc4 28. Bxc4 Nb6 29. Be2 Rd7 30. Red1 Kd8 31. Rxd7+ Nbxd7 32. Bc4 Rh7 33. Be6
Kc7 34. Bxd7 Nxd7 35. Rc1+ Kd8 36. Kc3 Rh6 37. Rd1 Kc7 38. Rd4 b5 39. Kd2 Nf6
40. Ke3 Rh8 41. Kf4 Rg8 42. b4 Kc6 43. a3 Kc7 44. Ne4 Kc6 45. Ng3 Kc7 46. Rd1
Kc6 47. Rd3 Kc7 48. Ne2 Kb6 49. Nc3 Kc6 50. Rd4 Kc7 51. a4 bxa4 52. Nxa4 Kc6
53. Nc3 Kc7 54. Rc4+ Kb6 55. g3 Kb7 56. b5 axb5 57. Nxb5 Kb6 58. Nc3 Kb7 59.
Rc5 Nd7 60. Ra5 f6 61. Nd5 Re8 62. Ke4 e5 63. Ra2 Nc5+ 64. Ke3 Rf8 65. Rd2 Kc6
66. Ne7+ Kc7 67. f3 gxf3 68. Kxf3 Rf7 69. Nd5+ Kc6 70. Nb4+ Kc7 71. Rd5 Nb7 72.
Na6+ Kb6 73. Nb4 Kc7 74. Na6+ Kb6 75. Nb4 1/2-1/2